000 00751nam a2200253Ia 4500
003 OSt
005 20220926014357.0
006 a|||||r|||| 00| 0
007 ta
008 220923b |||||||| |||| 00| 0 eng d
037 _cGeneral Book
040 _aRTL
_cRTL
_beng
041 _2eng
_aeng
082 _aX:9, J4;K1
100 _aScott Walter Dill et al
_9320532
245 0 _aPersonnel management
_b Principles, practices and p
250 _a6th
260 _aNew York
_bMcGraw Hill U. S. A.
_c1961
300 _ax, 623p. Appendix p.559-601
_ccm.
650 _a Personnel Management
_929105
650 _aLabour Economics
_921364
942 _hX:9, J4;K1
_cGB
_2CC
999 _c628874
_d628874